Ipswich Town Players 2023–24 - Statistics

General Stats
  • This quiz has been taken 465 times
  • The average score is 27 of 34
Answer Stats
Squad No. Player % Correct
1 Christian Walton
99%
3 Leif Davis
98%
5 © Sam Morsy
98%
10 Conor Chaplin
97%
2 Harry Clarke
97%
7 Wes Burns
97%
6 Luke Woolfenden
94%
27 George Hirst
93%
20 Omari Hutchinson
93%
15 Cameron Burgess
91%
25 Massimo Luongo
91%
33 Nathan Broadhead
90%
31 Václav Hladký
90%
4 George Edmundson
89%
9 Freddie Ladapo
88%
14 Jack Taylor
87%
24² Kieffer Moore
85%
30 Cameron Humphreys
82%
11 Marcus Harness
82%
40 Axel Tuanzebe
81%
13 Cieran Slicker
81%
21² Jeremy Sarmiento
76%
19 Kayden Jackson
73%
44 Janoi Donacien
72%
12 Dominic Ball
70%
16 Ali Al-Hamadi
67%
8 Lee Evans
63%
26 Elkan Baggott
61%
18 Brandon Williams
59%
28 Lewis Travis
59%
23 Sone Aluko
53%
51 Gerrard Buabo
44%
24¹ Dane Scarlett
38%
21¹ Greg Leigh
36%
No matching quizzes found
Score Distribution
Percent of People with Each Score
Percentile by Number Answered
Your Score History
You have not taken this quiz